Manual de l'usuari dels sistemes d'informació de la Diputació de Barcelona
Descripción Física:
15 p. ; 24 cm
MARC
| LEADER | 00000nam a2200000Ia 4500 | ||
|---|---|---|---|
| 001 | 15785 | ||
| 008 | 160829s2002?] xx 000 0 cat d | ||
| 080 | |a FU-39-39 | ||
| 245 | |a Manual de l'usuari dels sistemes d'informació de la Diputació de Barcelona | ||
| 260 | |a [Barcelona : |b Diputació de Barcelona, Xarxa de municipis, |c 2002?] | ||
| 300 | |a 15 p. ; |c 24 cm | ||
| 650 | |a Informació |x Sistemes d'emmagatzematge i recuperació |x Manuals, guies, etc. |9 36601 | ||
| 901 | |a Arxiu | ||
| 942 | |n 1 | ||
| 952 | |0 0 |1 0 |4 0 |6 FU3939 |7 1 |9 47383 |a Arxiu |b Arxiu |d 2016-12-01 |l 0 |o FU-39-39 |p 15785 |r 2016-12-01 00:00:00 |w 2016-12-01 |y ARXIU | ||
| 999 | |c 51181 |d 51181 | ||